LIBRARY & INFORMATION CENTRE, KCAET, TAVANUR

ONLINE PUBLIC ACCESS CATALOGUE (OPAC)

Text book of practical chemistry for B Sc main students / (Record no. 9560)

MARC details
000 -LEADER
fixed length control field 00543cam a2200217ua 4500
041 ## - LANGUAGE CODE
Language code of text/sound track or separate title eng
082 ## - DEWEY DECIMAL CLASSIFICATION NUMBER
Classification number 542
Item number MAN/TE
100 ## - MAIN ENTRY--AUTHOR NAME
Personal name Mani, P K .
245 ## - TITLE STATEMENT
Title Text book of practical chemistry for B Sc main students /
250 ## - EDITION STATEMENT
Edition statement 2 /
260 ## - PUBLICATION, DISTRIBUTION, ETC. (IMPRINT)
Place of publication Cannanore :
Name of publisher Scientific Publishers ,
Year of publication 1969.
300 ## - PHYSICAL DESCRIPTION
Number of Pages 467 ; .
700 1# - ADDED ENTRY--PERSONAL NAME
Personal name Thomas, A O .
942 ## - ADDED ENTRY ELEMENTS (KOHA)
Koha item type Books
Holdings
Withdrawn status Lost status Damaged status Home library Current library Date acquired Full call number Accession Number Koha item type
      KAUAET KAUAET 07/04/2012 542 MAN/TE 13322 Books
      KAUAET KAUAET 07/04/2012 542 MAN/TE 13355 Books
      KAUAET KAUAET 07/04/2012 542 MAN/TE 13354 Books
free website counter